[Event "Titled Tuesday intern op 01st Sept"]
[Site "Chess.com INT"]
[Date "2020.09.01"]
[Round "9"]
[White "Demidov, Mikhail"]
[Black "Grischuk, Alexander"]
[Result "1-0"]
[WhiteElo "2519"]
[BlackElo "2777"]
[PlyCount "119"]
[EventDate "2020.09.01"]
[EventType "swiss (blitz)"]
[EventRounds "10"]
[EventCountry "USA"]
[SourceTitle "CBM 198 Extra"]
[Source "ChessBase"]
[SourceDate "2020.11.30"]
[SourceVersion "1"]
[SourceVersionDate "2020.11.30"]
[SourceQuality "1"]

1. Nf3 Nf6 2. g3 c5 3. Bg2 Nc6 4. O-O e5 5. d3 d5 6. Bg5 Be7 7. Nfd2 Be6 ({RR} 7... Ng8 8. Bxe7 Ngxe7 9. c4 Be6 10. Nc3 O-O 11. a3 Rc8 12. b4 cxb4 13. axb4 Nxb4 14. Rxa7 dxc4 15. Nxc4 Bxc4 16. dxc4 Rxc4 17. Qb3 Qd4 18. Nb5 Qc5 19. Rxb7 Nec6 20. e3 Na5 21. Qxc4 Qxc4 22. Nd6 {Carlsen,M (2840)-Karjakin,S (2785) Doha 2016 0-1 (97)}) 8. Nc3 Ng8 9. Bxe7 Ngxe7 10. a3 $146 ({RR} 10. e4 O-O 11. exd5 Nxd5 12. Nde4 b6 {½-½ (12) Rossi,C (2315)-Manca,F (2420) Chianciano Terme 1991}) ({RR} 10. e4 d4 11. Ne2 f6 12. f4 Qd6 13. a3 O-O-O 14. f5 Bf7 15. Nf3 b5 16. g4 Kb7 17. Ng3 Nc8 18. g5 Nb6 19. h4 c4 20. Nh2 Na4 21. Rb1 c3 22. b4 Nb2 23. Qg4 a5 24. bxa5 Qxa3 {Baer,B (1976)-Bin-Suhayl,I (2219) Daventry ENG 2025 0-1 (32)}) 10... Qd7 11. Na4 b6 12. b4 cxb4 13. axb4 Rc8 14. c3 O-O 15. Qb1 Bh3 16. Rc1 Bxg2 17. Kxg2 Nd8 18. Nf3 f6 19. c4 Ne6 20. Nb2 Qb7 21. Qa2 Rc7 22. cxd5 Qxd5 23. Rxc7 Qxa2 24. Rxa2 Nxc7 25. Rxa7 Rc8 26. Nc4 Nc6 27. Rb7 Nd5 28. Nxb6 Nxb6 29. Rxb6 Kf7 30. Rb7+ Ne7 31. e3 Ke6 32. d4 e4 33. Nd2 f5 34. Nb3 Rc2 35. Nc5+ Kf6 36. Nd7+ Kf7 37. b5 Rb2 38. b6 g5 39. g4 f4 40. exf4 gxf4 41. Rc7 e3 42. b7 e2 43. Ne5+ Ke6 44. Nd3 Rb1 45. Nxf4+ Kd6 46. Rxe7 Kxe7 47. Nxe2 Rxb7 48. Kf3 Kf6 49. Ng3 Rb3+ 50. Ke4 Kg5 51. h3 Kh4 52. Nf5+ Kxh3 53. f3 Kg2 54. d5 Rb4+ 55. Nd4 Rb1 56. d6 Re1+ 57. Kd5 Re8 58. d7 Rd8 59. Kd6 Kg3 60. Ke7 1-0

[Event "Cheliabinsk Kurnosov Memorial rapid"]
[Site "Cheliabinsk"]
[Date "2020.09.06"]
[Round "10"]
[White "Zvjaginsev, Vadim"]
[Black "Predke, Alexandr"]
[Result "1-0"]
[WhiteElo "2617"]
[BlackElo "2684"]
[PlyCount "86"]
[EventDate "2020.09.04"]
[EventType "swiss (rapid)"]
[EventRounds "11"]
[EventCountry "RUS"]
[SourceTitle "CBM 198 Extra"]
[Source "ChessBase"]
[SourceDate "2020.11.30"]
[SourceVersion "1"]
[SourceVersionDate "2020.11.30"]
[SourceQuality "1"]

1. Nf3 d5 2. g3 Nf6 3. Bg2 c6 4. O-O Bg4 5. h3 Bxf3 6. exf3 e6 7. f4 Be7 8. d4 O-O 9. Nd2 c5 10. dxc5 Bxc5 11. c4 $146 ({RR} 11. Nb3 Bb6 12. c3 Nc6 13. Re1 Rc8 14. Be3 Bxe3 15. Rxe3 Qb6 16. Qd2 a5 17. Rd1 a4 18. Nd4 Nxd4 19. cxd4 Rc4 20. Rc3 Rfc8 21. Rdc1 g6 22. b3 axb3 23. axb3 Rxc3 24. Rxc3 Ra8 25. Qb2 Kg7 {Lebermann,H (1968)-Friedrich,J (2217) Bad Homburg 2012 0-1 (39)}) 11... Nc6 12. Nb3 Bb6 13. c5 Bc7 14. Be3 Re8 15. Qd2 a5 16. Nd4 e5 17. fxe5 Bxe5 18. Rad1 Ne4 19. Bxe4 dxe4 20. Nxc6 bxc6 21. b3 Qf6 22. Qd7 h5 23. Bd4 Bxd4 24. Qxd4 Qf5 25. Rfe1 Re6 26. Re3 Rae8 27. Rde1 Re5 28. h4 R8e6 29. Qd8+ Kh7 30. Qxa5 Rxc5 31. Qd2 Rd5 32. Qe2 Rd4 33. a4 Qd5 34. Qc2 f5 35. R3e2 f4 36. Rxe4 Rexe4 37. f3 Rd3 38. Rxe4 Rd2 39. Qc3 fxg3 40. Re7 Rd4 41. Kg2 Qd6 42. Re2 Rxh4 43. Qe5 Qg6 1-0

[Event "Cheliabinsk Panchenko Memorial op-A"]
[Site "Cheliabinsk"]
[Date "2020.09.11"]
[Round "5"]
[White "Rakhmanov, Alexander"]
[Black "Bocharov, Dmitry"]
[Result "1-0"]
[WhiteElo "2645"]
[BlackElo "2524"]
[PlyCount "161"]
[EventDate "2020.09.07"]
[EventType "swiss"]
[EventRounds "9"]
[EventCountry "RUS"]
[SourceTitle "CBM 198 Extra"]
[Source "ChessBase"]
[SourceDate "2020.11.30"]
[SourceVersion "1"]
[SourceVersionDate "2020.11.30"]
[SourceQuality "1"]

1. Nf3 d5 2. g3 Bg4 3. Bg2 Nd7 4. d4 e6 5. h3 Bh5 6. O-O Ngf6 7. c4 c6 8. cxd5 cxd5 ({RR} 8... exd5 9. Qb3 Nb6 10. a4 a5 11. Ne5 Bb4 12. Nc3 Nfd7 13. Nd3 Bd6 14. Bf4 Bxf4 15. Nxf4 Bg6 16. e4 dxe4 17. Nxg6 hxg6 18. Nxe4 O-O 19. Nc5 Qc7 20. Rfe1 Rae8 21. Nxd7 Nxd7 22. d5 cxd5 23. Qxd5 {Efimenko,Z (2602)-Kuzubov,Y (2643) Chess.com INT 2020 ½-½ (41)}) 9. Nc3 ({RR} 9. Qb3 Qb6 10. Qxb6 Nxb6 11. Nc3 Bxf3 12. Bxf3 Be7 13. Bf4 O-O 14. Rfc1 Rfc8 15. Nb5 a6 16. Nc7 Ra7 17. Rc2 h6 18. Rac1 g5 19. Be5 Nfd7 20. Nxd5 Rxc2 21. Nxe7+ Kf8 22. Rxc2 Kxe7 23. Rc7 f6 {Efimenko,Z (2568)-Pavlov,N (2316) chess.com INT 2024 1-0 (51)}) 9... Be7 10. Qb3 $146 ({RR} 10. Ne5 Bg6 11. Nxg6 hxg6 12. b3 Rc8 13. Bb2 O-O 14. Rc1 Qa5 15. Qd3 a6 16. Rc2 b5 17. Rfc1 Rc7 18. a4 bxa4 19. Nxa4 Rxc2 20. Rxc2 Rb8 21. Bc3 Qb5 22. Qxb5 Rxb5 23. Rb2 Bb4 24. e3 Bxc3 {Aalto,P (2205)-Galchenko,V (2158) Jyvaskyla FIN 2023 ½-½}) 10... Qb6 11. Qxb6 Nxb6 12. g4 Bg6 13. Ne5 O-O 14. Nxg6 hxg6 15. b3 Rfc8 16. Bb2 Rc6 17. Rfc1 Rac8 18. e3 Bb4 19. Nd1 Bd2 20. Rxc6 Rxc6 21. Bf1 Ne4 22. Bd3 f5 23. Kf1 Kf7 24. Ke2 Bb4 25. Rc1 Rxc1 26. Bxc1 Nc8 27. f3 Nc3+ 28. Nxc3 Bxc3 29. Ba3 Ne7 30. Bd6 Nc8 31. Bg3 Bb4 32. h4 Bd6 33. Be1 Ne7 34. b4 Nc6 35. b5 Ne7 36. Bc2 b6 37. a4 Kf6 38. Kd3 g5 39. e4 dxe4+ 40. fxe4 fxe4+ 41. Kxe4 gxh4 42. Bxh4+ g5 43. Be1 Nd5 44. Bb3 Nf4 45. a5 bxa5 46. Bxa5 Ke7 47. Bc4 Kd7 48. Bc3 Kc7 49. Ba5+ Kd7 50. Bb3 Ke7 51. Bd2 Kd7 52. Be3 Bc7 53. Bd2 Bd6 54. d5 exd5+ 55. Bxd5 Bc5 56. Bc4 Kd6 57. Kf5 Nh3 58. Bf1 Nf4 59. Bc4 Ng2 60. Ke4 Nf4 61. Bc3 Bf2 62. Bf1 Nd5 63. Bd2 Bh4 64. Bc4 Ne7 65. Bb4+ Kd7 66. Ke5 Nc8 67. Be6+ Kc7 68. Bxc8 Kxc8 69. Bc5 Kb7 70. Kf5 a6 71. bxa6+ Kxa6 72. Be3 Kb7 73. Bxg5 Be1 74. Ke6 Kc7 75. Bf4+ Kd8 76. Kf7 Bh4 77. Be5 Kd7 78. Bf6 Bf2 79. g5 Be3 80. g6 Bh6 81. Bg5 1-0

[Event "Titled Tuesday intern op 08th Sept"]
[Site "Chess.com INT"]
[Date "2020.09.08"]
[Round "2"]
[White "Fedoseev, Vladimir1"]
[Black "Tregubov, Pavel V"]
[Result "1-0"]
[WhiteElo "2678"]
[BlackElo "2560"]
[PlyCount "135"]
[EventDate "2020.09.08"]
[EventType "swiss (blitz)"]
[EventRounds "10"]
[EventCountry "USA"]
[SourceTitle "CBM 198 Extra"]
[Source "ChessBase"]
[SourceDate "2020.11.30"]
[SourceVersion "1"]
[SourceVersionDate "2020.11.30"]
[SourceQuality "1"]

1. Nf3 c5 2. e3 Nc6 3. b3 e5 4. Bb2 d6 5. c4 Nf6 ({RR} 5... g6 6. d4 exd4 7. exd4 Bg7 8. Qd2 Nf6 9. d5 Ne7 10. Nc3 O-O 11. h3 Nf5 12. Be2 Re8 13. O-O Bd7 14. Rae1 Ne4 15. Nxe4 Rxe4 16. Bd3 Rxe1 17. Rxe1 Nh4 18. Nh2 Bxb2 19. Qxb2 Qg5 20. g3 {Kourkoulos Arditis,S (2580)-Alekseev,E (2505) chess.com INT 2025 0-1 (65)}) 6. Nc3 Be7 7. d4 $146 ({RR} 7. Bd3 O-O 8. h3 Re8 9. O-O Bf8 10. Bb1 g6 11. Nd5 Bg7 12. Nh2 Be6 13. Nxf6+ Bxf6 14. Be4 Bg7 15. Bxc6 bxc6 16. d4 exd4 17. exd4 d5 18. cxd5 Qxd5 19. Nf3 Red8 20. Qd2 cxd4 21. Rfd1 c5 {Petko,M-Zsiltzova Lisenko,L (2245) Belgrade 2013 0-1 (31)}) ({RR} 7. d3 O-O 8. g3 d5 9. cxd5 Nxd5 10. a3 Be6 11. Bg2 Nxc3 12. Bxc3 f6 13. O-O Qd7 14. Qc2 Rad8 15. Rfd1 Bd5 16. Rab1 b5 17. b4 cxb4 18. axb4 Rc8 19. Qb2 Rc7 20. e4 Bf7 21. d4 exd4 {Nakamura,H (2736)-Fedoseev,V (2676) Chess.com INT 2020 1-0 (61)}) 7... cxd4 8. exd4 Bg4 9. Be2 O-O 10. O-O Rb8 11. d5 Bxf3 12. Bxf3 Nd4 13. Bg4 b5 14. cxb5 Nxg4 15. Qxg4 Nxb5 16. Na4 f5 17. Qe2 Bf6 18. Rac1 e4 19. Rfd1 Bxb2 20. Nxb2 Qf6 21. Na4 Rfe8 22. Rc4 h6 23. h3 Re5 24. Rb4 a6 25. Rc4 Qf7 26. Rc6 Rxd5 27. Rxd5 Qxd5 28. Rxa6 f4 29. Nb2 Nc3 30. Qc4 Qxc4 31. Nxc4 d5 32. Ne5 d4 33. f3 e3 34. Nd3 g5 35. Rxh6 Nxa2 36. Rg6+ Kh7 37. Rxg5 Rxb3 38. Nxf4 d3 39. Rd5 Rb1+ 40. Kh2 Nb4 41. Rd7+ Kg8 42. Nxd3 Nxd3 43. Rxd3 e2 44. Re3 e1=Q 45. Rxe1 Rxe1 46. g4 Kg7 47. f4 Re3 48. Kg2 Kf6 49. h4 Ke6 50. h5 Kf6 51. Kf2 Ra3 52. Kg2 Ke6 53. Kf2 Kd5 54. h6 Ke6 55. Kg2 Kf6 56. g5+ Kg6 57. Kf2 Rb3 58. Kg2 Kf5 59. Kf2 Ra3 60. Kg2 Rb3 61. Kh2 Rc3 62. Kg2 Rd3 63. Kh2 Ra3 64. Kg2 Ra4 65. Kg3 Rxf4 66. h7 Rg4+ 67. Kh3 Rg3+ 68. Kxg3 1-0

[Event "Titled Tuesday intern op 08th Sept"]
[Site "Chess.com INT"]
[Date "2020.09.08"]
[Round "5"]
[White "Firouzja, Alireza"]
[Black "Mozharov, Mikhail"]
[Result "1-0"]
[WhiteElo "2728"]
[BlackElo "2558"]
[PlyCount "83"]
[EventDate "2020.09.08"]
[EventType "swiss (blitz)"]
[EventRounds "10"]
[EventCountry "USA"]
[SourceTitle "CBM 198 Extra"]
[Source "ChessBase"]
[SourceDate "2020.11.30"]
[SourceVersion "1"]
[SourceVersionDate "2020.11.30"]
[SourceQuality "1"]

1. Nf3 Nf6 2. g3 b6 3. Bg2 Bb7 4. O-O c5 5. d3 d5 6. e4 ({RR} 6. c4 e6 7. Bg5 Be7 8. Nc3 O-O 9. cxd5 Nxd5 10. h4 h6 11. Bd2 Nc6 12. a3 Bf6 13. Rc1 Rc8 14. Nxd5 exd5 15. b4 cxb4 16. axb4 a6 17. Bh3 Rc7 18. Bf4 Re7 19. Qd2 Rfe8 20. Rfe1 d4 {Bacrot,E (2705)-Tiviakov,S (2686) Ajaccio 2008 0-1 (64)}) 6... dxe4 7. dxe4 ({RR} 7. Ng5 g6 8. Nc3 Bg7 9. Ngxe4 Nxe4 10. Nxe4 Nc6 11. c3 O-O 12. Re1 e5 13. Qa4 Rc8 14. Be3 Qc7 15. Rad1 Rfd8 16. Bg5 Rf8 17. Nf6+ Kh8 18. Qh4 h5 19. Nxh5 gxh5 20. Qxh5+ Kg8 21. Re4 f5 {Stojanovski,S (2169)-Bongo Akanga Ndjila,B (1824) chess.com INT 2024 1-0 (70)}) 7... Qxd1 8. Rxd1 Nc6 $146 ({RR} 8... Bxe4 9. Nc3 Bc6 10. Ne5 Bxg2 11. Nb5 Na6 12. Kxg2 g6 13. Nc6 Bg7 14. c3 h5 15. Bg5 h4 16. Bxh4 Rh5 17. Bxf6 Bxf6 18. g4 Rg5 19. h3 c4 20. Ncxa7 Rc5 21. b4 Re5 22. a4 Kf8 23. Ra2 {Yurtseven,M (2404)-Pacher,M (2444) Marianske Lazne 2018 1-0 (44)}) 9. e5 Ne4 10. Ne1 Nd4 11. Nd2 Ne2+ 12. Kf1 Nxd2+ 13. Kxe2 Bxg2 14. Nxg2 Nc4 15. f4 e6 16. b3 Na5 17. Ne3 c4 18. Bd2 Nc6 19. Nxc4 Nd4+ 20. Kd3 O-O-O 21. Kc3 b5 22. Nd6+ Bxd6 23. exd6 Rxd6 24. Be3 b4+ 25. Kc4 Nf5 26. Rxd6 Nxd6+ 27. Kxb4 Kb7 28. Rd1 Kc6 29. c4 a6 30. Bd4 f6 31. Re1 Re8 32. Kc3 Nf5 33. b4 Nd6 34. a4 Nf5 35. b5+ Kb7 36. c5 h5 37. c6+ Kc7 38. Bc5 e5 39. Rd1 Kc8 40. b6 Re6 41. c7 Kb7 42. Rd8 1-0

[Event "Titled Tuesday intern op 08th Sept"]
[Site "Chess.com INT"]
[Date "2020.09.08"]
[Round "8"]
[White "Swiercz, Dariusz"]
[Black "Grigoriants, Sergey"]
[Result "1-0"]
[WhiteElo "2649"]
[BlackElo "2542"]
[PlyCount "53"]
[EventDate "2020.09.08"]
[EventType "swiss (blitz)"]
[EventRounds "10"]
[EventCountry "USA"]
[SourceTitle "CBM 198 Extra"]
[Source "ChessBase"]
[SourceDate "2020.11.30"]
[SourceVersion "1"]
[SourceVersionDate "2020.11.30"]
[SourceQuality "1"]

1. Nf3 d5 2. b3 c5 3. e3 Nc6 4. Bb5 Bd7 5. Bb2 e6 6. O-O Nge7 7. d4 a6 8. Bd3 cxd4 9. exd4 Ng6 10. Re1 Bd6 11. c4 O-O 12. Nc3 Nce7 $146 ({RR} 12... dxc4 13. bxc4 Rc8 14. g3 Be7 15. Rc1 b5 16. c5 Nb4 17. h4 Nxd3 18. Qxd3 Bf6 19. Ne4 Bc6 20. Nxf6+ Qxf6 21. d5 Qxb2 22. dxc6 Ne7 23. h5 Nxc6 24. h6 g6 25. Qe4 Qf6 26. Red1 Rfd8 27. Rd6 {Swiercz,D (2689)-Petrosyan,M (2553) Riga 2021 1-0}) 13. g3 dxc4 14. bxc4 Bc6 15. Ne4 Bb4 16. Rf1 b5 17. c5 Ba5 18. Qe2 Bc7 19. Rad1 Nd5 20. Ne5 Bxe5 21. dxe5 Qa5 22. Qh5 h6 23. Nf6+ Nxf6 24. exf6 Qxa2 25. fxg7 Rfd8 26. Bxg6 Qxb2 27. Bxf7+ 1-0

[Event "Chess.com U20 Speed Qual"]
[Site "Chess.com INT"]
[Date "2020.09.09"]
[Round "1.9"]
[White "Deac, Bogdan Daniel"]
[Black "Nguyen, Thai Dai Van"]
[Result "1-0"]
[WhiteElo "2625"]
[BlackElo "2569"]
[PlyCount "35"]
[EventDate "2020.09.09"]
[EventType "k.o."]
[EventRounds "3"]
[EventCountry "USA"]
[SourceTitle "CBM 198 Extra"]
[Source "ChessBase"]
[SourceDate "2020.11.30"]
[SourceVersion "1"]
[SourceVersionDate "2020.11.30"]
[SourceQuality "1"]

1. b3 g6 2. Bb2 Nf6 3. Nf3 Bg7 4. g3 O-O 5. Bg2 Nh5 6. d4 d5 7. c4 c6 8. O-O f5 $146 ({RR} 8... Bg4 9. Nbd2 Qd7 10. Re1 Bh3 11. Bh1 f6 12. e4 Nf4 13. Qc2 Na6 14. Re3 Bh6 15. a3 Nc7 16. Rae1 dxc4 17. bxc4 Rae8 18. e5 Bf5 19. Qb3 Nh3+ 20. Kf1 Bxe3 21. Rxe3 b6 22. Nh4 Ng5 23. Nxf5 {Yurtseven,M (2310)-Goltsev,D (2251) chess.com INT 2023 1-0 (84)}) 9. Nc3 e6 10. e3 Nd7 11. Ne2 Nhf6 12. Nf4 Qe7 13. Qc1 Ne4 14. Ba3 c5 15. cxd5 Nb6 16. d6 Qd8 17. dxc5 Nd7 18. Nxe6 1-0

[Event "Chess.com U20 Speed Qual"]
[Site "Chess.com INT"]
[Date "2020.09.09"]
[Round "1.13"]
[White "Deac, Bogdan Daniel"]
[Black "Nguyen, Thai Dai Van"]
[Result "1-0"]
[WhiteElo "2625"]
[BlackElo "2569"]
[PlyCount "103"]
[EventDate "2020.09.09"]
[EventType "k.o."]
[EventRounds "3"]
[EventCountry "USA"]
[SourceTitle "CBM 198 Extra"]
[Source "ChessBase"]
[SourceDate "2020.11.30"]
[SourceVersion "1"]
[SourceVersionDate "2020.11.30"]
[SourceQuality "1"]

1. b3 Nf6 2. Bb2 g6 3. g3 Bg7 4. Bg2 O-O 5. Nf3 d5 6. c4 c5 7. cxd5 Nxd5 8. Bxg7 Kxg7 9. Qc1 ({RR} 9. O-O Nf6 10. Nc3 Nc6 11. Na4 Qd6 12. Rc1 b6 13. d4 cxd4 14. Rxc6 Qxc6 15. Ne1 Qc7 16. Bxa8 e5 17. Bg2 Ba6 18. Nf3 Rc8 19. Re1 Qe7 20. Qb1 Rd8 21. Nd2 Qb4 22. Ne4 Nd5 23. Qc1 f5 {Keymer,V (2717)-Vaibhav,S (2588) chess.com INT 2023 1-0 (36)}) 9... b6 10. O-O ({RR} 10. d4 cxd4 11. Nxd4 e5 12. Nb5 Bb7 13. O-O Qd7 14. N1c3 Nxc3 15. Nxc3 Bxg2 16. Kxg2 Rc8 17. f3 Qd4 18. Qg5 h6 19. Qe7 Nc6 20. Qb7 Na5 21. Qe4 Qxc3 22. Rac1 Qd4 23. Qb1 Qe3 24. Rce1 Rd8 {Pinheiro,I (2270)-Isanzhulov,A (2399) chess.com INT 2024 0-1 (41)}) 10... Bb7 11. Qb2+ Nf6 $146 ({RR} 11... Kg8 12. d4 cxd4 13. Nxd4 e5 14. Nb5 Qd7 15. N1c3 Nxc3 16. Nxc3 Bxg2 17. Kxg2 Qb7+ 18. e4 Nc6 19. Nd5 Rac8 20. Rac1 Nd4 21. Qa3 Kg7 22. Qd6 f6 23. Rfd1 Qf7 24. f4 Rfd8 25. Qe7 Nc6 26. Rxc6 {Paikidze,N (2352)-He,A (2246) Chess.com INT 2018 1-0 (41)}) 12. Rd1 Nc6 13. d4 cxd4 14. Nxd4 Nxd4 15. Rxd4 Qb8 16. Nd2 Bxg2 17. Kxg2 Rd8 18. Nf3 Qb7 19. Rad1 Rxd4 20. Rxd4 Rc8 21. Qd2 Qc6 22. Rc4 Qb7 23. Qc3 Rxc4 24. Qxc4 Qd5 25. Qc7 Qd7 26. Qe5 Kg8 27. Nd4 Qd5+ 28. Qxd5 Nxd5 29. Nc6 a5 30. Kf3 Kf8 31. e4 Nc3 32. a4 Ke8 33. Ke3 f6 34. Kd3 Na2 35. Kc4 Kd7 36. Nd4 e5 37. Nc2 Kc6 38. Ne3 Nb4 39. Ng4 f5 40. exf5 gxf5 41. Nxe5+ Kd6 42. f4 Nd5 43. Kb5 Kc7 44. Kc4 Ne3+ 45. Kd4 Nf1 46. Nf3 Kd6 47. Kd3 Kd5 48. Ke2 Ke4 49. Ng5+ Kd4 50. Kxf1 Kc3 51. g4 Kxb3 52. gxf5 1-0

[Event "Chess.com U20 Speed"]
[Site "Chess.com INT"]
[Date "2020.09.11"]
[Round "1.7"]
[White "Nihal, Sarin"]
[Black "Tang, Andrew"]
[Result "1-0"]
[WhiteElo "2620"]
[BlackElo "2538"]
[PlyCount "105"]
[EventDate "2020.09.11"]
[EventType "k.o. (blitz)"]
[EventRounds "4"]
[EventCountry "USA"]
[SourceTitle "EXT 2021"]
[Source "ChessBase"]
[SourceDate "2020.10.23"]
[SourceVersion "1"]
[SourceVersionDate "2020.10.23"]
[SourceQuality "1"]

1. Nf3 d5 2. b3 c5 3. e3 Nc6 4. Bb2 Nf6 5. Be2 g6 6. O-O Bg7 7. d4 Ne4 8. Nbd2 O-O ({RR} 8... Bf5 9. c4 cxd4 10. Nxd4 Nxd4 11. exd4 O-O 12. Re1 Rc8 13. Nxe4 Bxe4 14. Qd2 Qd7 15. Bf1 Rfd8 16. Rac1 h6 17. h3 g5 18. c5 Re8 19. b4 Bg6 20. b5 f6 21. a4 e5 22. c6 bxc6 23. bxc6 {Nihal,S (2620)-Tang,A (2538) Chess.com INT 2020 1-0 (42)}) 9. c4 $146 ({RR} 9. c3 cxd4 10. Nxe4 dxe4 11. Nxd4 Nxd4 12. cxd4 Be6 13. Rc1 Qd7 14. Qc2 Bd5 15. Qc7 Rfd8 16. Qa5 b6 17. Qb4 Bf8 18. Bb5 Qb7 19. Qd2 a6 20. Be2 b5 21. Ba3 Rac8 22. Bc5 e6 23. Bxf8 Kxf8 {Gulevich,A (2304)-Neustroev,V (2283) chess.com INT 2025 1-0 (55)}) 9... Nxd2 10. Qxd2 cxd4 11. exd4 Bf5 12. Rfe1 e6 13. h3 h6 14. Rad1 Be4 15. Nh2 g5 16. Nf1 Qb6 17. Ng3 Bg6 18. Bh5 Bh7 19. cxd5 exd5 20. Bf3 Rad8 21. Nh5 Bh8 22. h4 Qa5 23. Bc3 Qc7 24. hxg5 Rd6 25. gxh6 Qd8 26. Qf4 Bg6 27. Ng3 Kh7 28. Re3 Bf6 29. Re2 Rg8 30. Bg4 Bg5 31. Qf3 Rf6 32. Bf5 Bh4 33. Bxg6+ Rgxg6 34. Qd3 Bxg3 35. fxg3 Kxh6 36. Bd2+ Kg7 37. Bf4 Qd7 38. Rde1 Re6 39. Rxe6 Rxe6 40. Rf1 Rg6 41. Qd2 Qe7 42. Re1 Qf6 43. Be5 Nxe5 44. Rxe5 Rxg3 45. Rxd5 Qg6 46. Re5 Rg4 47. Qf2 Qb1+ 48. Kh2 Qd3 49. Rf5 f6 50. Rxf6 Qxd4 51. Rf7+ Kh6 52. Qf5 Rh4+ 53. Kg3 1-0

[Event "Chess.com U20 Speed"]
[Site "Chess.com INT"]
[Date "2020.09.21"]
[Round "1.7"]
[White "Xiong, Jeffery"]
[Black "Abdusattorov, Nodirbek"]
[Result "1-0"]
[WhiteElo "2709"]
[BlackElo "2627"]
[PlyCount "115"]
[EventDate "2020.09.11"]
[EventType "k.o. (blitz)"]
[EventRounds "4"]
[EventCountry "USA"]
[SourceTitle "EXT 2021"]
[Source "ChessBase"]
[SourceDate "2020.10.23"]
[SourceVersion "1"]
[SourceVersionDate "2020.10.23"]
[SourceQuality "1"]

1. Nf3 d5 2. b3 c5 3. e3 Nf6 4. Bb2 g6 5. c4 Bg7 6. cxd5 O-O 7. Be2 ({RR} 7. Bxf6 Bxf6 8. Nc3 a6 9. Be2 Bg7 10. O-O b5 11. Rc1 Nd7 12. d4 Bb7 13. dxc5 Nxc5 14. Nxb5 axb5 15. Rxc5 Rxa2 16. Bxb5 Qb6 17. b4 Rb2 18. Bc6 Rxb4 19. Rc2 Ba6 20. Re1 Rd8 21. Nd4 Bc4 {Anton Guijarro,D (2703)-Edouard,R (2649) Biel 2020 ½-½ (43)}) ({RR} 7. d6 exd6 8. Be2 d5 9. d4 Ne4 10. O-O Nc6 11. Na3 Re8 12. Rc1 b6 13. Qc2 Bb7 14. dxc5 Bxb2 15. Qxb2 bxc5 16. Rfd1 Nb4 17. Nb5 a6 18. Nc3 Qe7 19. a3 Nxc3 20. Rxc3 d4 21. exd4 Qxe2 {Serban,C (2332)-Wyss,J (2283) chess.com INT 2025 1-0 (49)}) 7... b6 8. O-O Bb7 9. d4 $146 ({RR} 9. Na3 Qxd5 10. Nc4 Nc6 11. d3 Rad8 12. a3 h6 13. Qc2 Rd7 14. Rfd1 Rfd8 15. Bf1 Qf5 16. e4 Qe6 17. Nce5 Nxe5 18. Nxe5 Rd6 19. Nc4 R6d7 20. b4 Rc8 21. b5 Nh5 22. Bxg7 Nxg7 23. a4 Qf6 {Adelman,C (2240)-Rajlich,V Philadelphia 1995 0-1 (47)}) 9... Nbd7 10. dxc5 Nxc5 11. d6 Nce4 12. dxe7 Qxe7 13. Nbd2 Nxd2 14. Nxd2 Rfd8 15. Bd4 Nd5 16. Bf3 Nc3 17. Qe1 Bxd4 18. exd4 Qd7 19. Bxb7 Qxb7 20. Nf3 Rac8 21. Qd2 Nd5 22. Rac1 Kg7 23. Rfe1 Rxc1 24. Rxc1 Re8 25. Ne5 f6 26. Nf3 g5 27. Re1 Rc8 28. Qe2 Nf4 29. Qe3 h6 30. h3 Rc7 31. Kh2 Qd5 32. Qe8 Qd6 33. g3 Nd5 34. h4 Rc2 35. Kg1 Rc7 36. h5 Ne7 37. d5 Qd7 38. Qxd7 Rxd7 39. Nd4 Nxd5 40. Nf5+ Kh7 41. Re6 Nb4 42. Rxf6 Nxa2 43. Rxh6+ Kg8 44. Rg6+ Kh7 45. Rh6+ Kg8 46. Rg6+ Kh7 47. Rxg5 Nc1 48. b4 a5 49. bxa5 bxa5 50. Ne3 Ra7 51. Nc4 a4 52. Na3 Nb3 53. Rd5 Rb7 54. Kg2 Kh6 55. g4 Rc7 56. Rd6+ Kg5 57. Kg3 Rc3+ 58. f3 1-0

[Event "Chess.com U20 Speed"]
[Site "Chess.com INT"]
[Date "2020.09.11"]
[Round "1.15"]
[White "Nihal, Sarin"]
[Black "Tang, Andrew"]
[Result "1-0"]
[WhiteElo "2620"]
[BlackElo "2538"]
[PlyCount "99"]
[EventDate "2020.09.11"]
[EventType "k.o. (blitz)"]
[EventRounds "4"]
[EventCountry "USA"]
[SourceTitle "EXT 2021"]
[Source "ChessBase"]
[SourceDate "2020.10.23"]
[SourceVersion "1"]
[SourceVersionDate "2020.10.23"]
[SourceQuality "1"]

1. Nf3 d5 2. e3 c5 3. b3 Nc6 4. Bb2 Nf6 5. d4 Bg4 6. Be2 e6 7. O-O Be7 8. Nbd2 O-O 9. c4 Rc8 10. h3 Bh5 11. Rc1 ({RR} 11. a3 Qc7 12. dxc5 Bxc5 13. Bxf6 gxf6 14. cxd5 exd5 15. b4 Bd6 16. Rc1 Qe7 17. Nb3 Rfd8 18. Nfd4 Bg6 19. Bg4 f5 20. Nxf5 Bxf5 21. Bxf5 Qe5 22. Qg4+ Kh8 23. Qf4 Qf6 24. Qf3 Ne5 25. Qh5 {1-0 (25) Nihal,S (2620)-Tang,A (2538) Chess.com INT 2020}) 11... cxd4 12. Nxd4 Bg6 $146 ({RR} 12... Bxe2 13. Qxe2 dxc4 14. Nxc4 Qd5 15. Rfd1 Nxd4 16. Bxd4 Qh5 17. Qxh5 Nxh5 18. Bxa7 Nf6 19. a4 Nd5 20. Bd4 Bb4 21. Kf1 f6 22. e4 Ne7 23. Bb6 Nc6 24. Ke2 Rf7 25. Ke3 g5 26. f3 Kg7 27. Kf2 {Ockay,T (2115)-Blecha,Z (2010) Ostrava 2007 1-0 (44)}) 13. Nxc6 Rxc6 14. Nf3 Qa5 15. Ne5 Rcc8 16. a3 dxc4 17. b4 Qd5 18. Bxc4 Qxd1 19. Rfxd1 Be4 20. f3 Bd5 21. e4 Bxc4 22. Nxc4 Rfd8 23. Rxd8+ Bxd8 24. Nd6 Rxc1+ 25. Bxc1 b6 26. Be3 Bc7 27. Nc8 Bb8 28. Ne7+ Kf8 29. Nc6 Nd7 30. Kf1 f6 31. f4 f5 32. e5 g5 33. g3 gxf4 34. gxf4 Kf7 35. Ke2 Kg6 36. Kd3 Kh5 37. Bf2 Kg6 38. Kc4 a6 39. Nxb8 Nxb8 40. Bxb6 Nd7 41. Bf2 Kf7 42. b5 axb5+ 43. Kxb5 Ke7 44. a4 Kd8 45. Kc6 Nf8 46. a5 Kc8 47. a6 Kb8 48. Kd6 Ng6 49. Be3 Nf8 50. Ke7 1-0

[Event "Chess.com U20 Speed"]
[Site "Chess.com INT"]
[Date "2020.09.19"]
[Round "1.15"]
[White "Maghsoodloo, Parham"]
[Black "Praggnanandhaa, Rameshbabu"]
[Result "1-0"]
[WhiteElo "2676"]
[BlackElo "2608"]
[PlyCount "67"]
[EventDate "2020.09.11"]
[EventType "k.o. (blitz)"]
[EventRounds "4"]
[EventCountry "USA"]
[SourceTitle "EXT 2021"]
[Source "ChessBase"]
[SourceDate "2020.10.23"]
[SourceVersion "1"]
[SourceVersionDate "2020.10.23"]
[SourceQuality "1"]

1. Nf3 d5 2. c4 d4 3. e3 Nc6 4. d3 e5 5. exd4 ({RR} 5. Be2 Bd6 6. O-O Nge7 7. exd4 Nxd4 8. Nxd4 exd4 9. Nd2 Ng6 10. Ne4 Be7 11. b4 a5 12. b5 O-O 13. Re1 Bd7 14. Bd2 f5 15. Ng3 Bd6 16. Qc1 c5 17. Bf3 Rb8 18. Bd5+ Kh8 19. f4 Qh4 {Huebner,R (2595)-Portisch,L (2630) Buenos Aires 1978 ½-½}) 5... exd4 6. g3 ({RR} 6. a3 a5 7. g3 Bf5 8. Nh4 Be6 9. Bg2 Be7 10. Nf3 Nf6 11. O-O O-O 12. Re1 h6 13. Nfd2 Qd7 14. Ne4 Bg4 15. f3 Bh5 16. Nbd2 Nxe4 17. Nxe4 Rfe8 18. g4 Bg6 19. Bf4 f5 20. Ng3 Bh4 {Cheng,G (1708)-Fan,J (2040) Qingdao CHN 2024 ½-½ (44)}) 6... Nf6 7. Bg2 Bb4+ $146 ({RR} 7... Be7 8. O-O O-O 9. a3 a5 10. Re1 Bf5 11. Nh4 Bg4 12. Bf3 Bd7 13. Nd2 Re8 14. Bg2 g6 15. Ne4 Nxe4 16. Rxe4 f5 17. Rxe7 Qxe7 18. Bf4 Be6 19. Nf3 Bf7 20. Ng5 Ne5 21. Bxb7 Rab8 22. Nxf7 {Seo,J (2453)-Sarana,A (2649) Chess.com INT 2021 0-1 (64)}) 8. Bd2 Qe7+ 9. Qe2 Qxe2+ 10. Kxe2 Bf5 11. Nh4 Bg4+ 12. Bf3 O-O-O 13. h3 Rhe8+ 14. Kd1 Bd7 15. a3 Bxd2 16. Nxd2 g5 17. Ng2 Ne5 18. Be2 Bf5 19. Ne1 h5 20. Ndf3 g4 21. Nxe5 Rxe5 22. Ng2 gxh3 23. Nf4 Ng4 24. Kd2 Nxf2 25. Rh2 Ng4 26. Rxh3 Nf6 27. Rh4 Bg6 28. Rf1 Rde8 29. Bd1 Rf5 30. Bf3 Re3 31. Bg2 Kd8 32. Bh3 Rg5 33. Nxg6 Rxg6 34. Rxd4+ 1-0